01003nam a22002777a 4500003000500000005001700005008004100022010001000063011001000073020001600083035001000099040000900109100002700118245014600145260009400291300003000385410006600415490003000481500001400511650002000525650002800545650003100573700002500604810006600629830003000695CHAP20220817043929.0040305d1998 cr a r 00110 spa d a88135 a89107 a929039383 1 a99656 cCHAP00aPicado Mata, Emmanuel.10aInstrumento Automatizado para generar bases de datos con indicadores de desarrollo sosteniblec/por Emmanuel Picado Mata y Sergio Sepúlveda aSan José, C. R. :bInstituto Interamericano de Cooperación para la Agricultura,c1998 a31 p. :bilus. ; gráfs.21aInstituto Interamericano de Cooperación para la Agricultura 0aCuaderno técnicovno. 7 aFotocopia14aBases de datos.14aDesarrollo sustentable.14aIndicadores de desarrollo.0 aSepúlveda, Sergio.21aInstituto Interamericano de Cooperación para la Agricultura00aCuaderno técnicovno. 7